| 000 | 00400nam a2200157Ia 4500 | ||
|---|---|---|---|
| 001 | 17791 | ||
| 003 | IN-NITTTR | ||
| 005 | 20251114233208.0 | ||
| 008 | 251113s9999||||xx |||||||||||||| ||eng|| | ||
| 040 | _beng | ||
| 040 | _cIN-NITTTR | ||
| 041 | _aeng | ||
| 082 | _a530.12 U1 | ||
| 245 | 4 |
_aThe uncertainty principle and foundations of quantum mechanics : _b a fifty years' survey / |
|
| 942 |
_2ddc _cBK |
||
| 999 |
_c20425 _d20425 |
||